[Event "Split op 7th"]
[Site "Split"]
[Date "2017.08.25"]
[Round "7"]
[White "Tomic Potrebujes, Zlatko"]
[Black "Tadinac, Sasa"]
[Result "1/2-1/2"]
[WhiteElo "1965"]
[BlackElo "1766"]
[PlyCount "113"]
[EventDate "2017.08.20"]
[EventType "swiss"]
[EventRounds "9"]
[EventCountry "CRO"]
[SourceTitle "CBM 180 Extra"]
[Source "ChessBase"]
[SourceDate "2017.10.06"]
[SourceVersion "1"]
[SourceVersionDate "2017.10.06"]
[SourceQuality "1"]

1. e4 Nc6 2. d4 e5 3. d5 Nce7 4. Nf3 Ng6 5. c4 Nf6 6. Bd3 Bc5 7. 0-0 d6 8. h3 h6 9. Nc3 a6 10. b4 Ba7 11. Be3 Bd7 12. c5 0-0 13. Qd2 Qe7 14. Rac1 dxc5 15. bxc5 Bxc5 16. Bxc5 Qxc5 17. Na4 Qd6 18. Nc5 Bc8 19. Qb2 b6 20. Nb3 Bd7 21. Rfd1 a5 22. Nbd2 c5 23. Nc4 Qe7 24. Ncxe5 Nf4 25. Nxd7 Nxd7 26. Bb5 Nf6 27. d6 Qxe4 28. Rc4 Qf5 29. Bc6 Rab8 30. Qd2 g5 31. Qc2 Qxc2 32. Rxc2 Rfd8 33. d7 Ne6 34. Rd6 Kg7 35. Ne5 Nd4 36. Rc4 Nxd7 37. Rxd7 Nxc6 38. Nxc6 Rxd7 39. Nxb8 Rc7 40. a4 Kf6 41. Na6 Rc8 42. Kf1 Ke5 43. Ke2 Kd5 44. Kd3 Kc6 45. h4 Kb7 46. hxg5 hxg5 47. Nxc5+ Rxc5 48. Re4 Rf5 49. f3 Ka6 50. Re8 b5 51. Ra8+ Kb6 52. axb5 Rxb5 53. Kc4 Rf5 54. Kb3 Rf4 55. Rd8 f5 56. Rd5 a4+ 57. Ka3 1/2-1/2

[Event "CRO-chT4 South"]
[Site "Zadar"]
[Date "2013.05.12"]
[Round "3.6"]
[White "Govic, Krste"]
[Black "Tadinac, Sasa"]
[Result "0-1"]
[WhiteElo "1636"]
[BlackElo "1625"]
[PlyCount "112"]
[EventDate "2013.04.28"]
[EventType "team-tourn"]
[EventRounds "7"]
[EventCountry "CRO"]
[SourceTitle "EXT 2014"]
[Source "ChessBase"]
[SourceDate "2013.11.20"]
[SourceVersion "1"]
[SourceVersionDate "2013.11.20"]
[SourceQuality "1"]
[WhiteTeam "Brodarica"]
[BlackTeam "Sinj"]
[WhiteTeamCountry "CRO"]
[BlackTeamCountry "CRO"]

1. e4 e5 2. Nf3 Nc6 3. Bb5 d6 4. d4 exd4 5. Nxd4 Bd7 6. Nxc6 bxc6 7. Bc4 Nf6 8. Bg5 Be7 9. Nc3 Nxe4 10. Bxe7 Qxe7 11. 0-0 Nxc3 12. bxc3 0-0 13. Re1 Be6 14. Re3 d5 15. Bd3 g6 16. Qf3 Kg7 17. Qf4 Qd6 18. Qh4 c5 19. Rae1 Rae8 20. f4 c4 21. Bf1 f6 22. Qg3 Bd7 23. Rd1 Rxe3 24. Qxe3 Qb6 25. Qxb6 axb6 26. Rxd5 Be6 27. Rb5 Ra8 28. Rb2 Ra4 29. g3 Kf7 30. Bg2 Ke7 31. Bc6 Ra3 32. Kf2 Kd6 33. Bf3 Rxc3 34. g4 Kc5 35. h4 Ra3 36. Be2 b5 37. h5 c6 38. hxg6 hxg6 39. Ke1 f5 40. gxf5 gxf5 41. Kd1 c3 42. Rb1 Rxa2 43. Bd3 Ra4 44. Ke2 Rxf4 45. Rg1 Kd4 46. Rg6 Ke5 47. Ke3 Rh4 48. Bf1 b4 49. Rg2 Bd5 50. Rg7 Re4+ 51. Kf2 Rg4 52. Re7+ Kd6 53. Re8 Be4 54. Rd8+ Kc5 55. Bh3 Rf4+ 56. Kg3 Rf3+ 0-1

[Event "CRO-chT4 South"]
[Site "Zadar"]
[Date "2013.04.28"]
[Round "1.6"]
[White "Males, Marin"]
[Black "Tadinac, Sasa"]
[Result "1/2-1/2"]
[WhiteElo "1694"]
[BlackElo "1625"]
[PlyCount "92"]
[EventDate "2013.04.28"]
[EventType "team-tourn"]
[EventRounds "7"]
[EventCountry "CRO"]
[SourceTitle "EXT 2014"]
[Source "ChessBase"]
[SourceDate "2013.11.20"]
[SourceVersion "1"]
[SourceVersionDate "2013.11.20"]
[SourceQuality "1"]
[WhiteTeam "Mravince III"]
[BlackTeam "Sinj"]
[WhiteTeamCountry "CRO"]
[BlackTeamCountry "CRO"]

1. e4 c5 2. Nf3 e6 3. d4 a6 4. c3 Qc7 5. g3 Nf6 6. Nbd2 d6 7. Bg2 Nbd7 8. 0-0 Be7 9. Re1 e5 10. d5 g6 11. c4 b5 12. b3 Nb6 13. Qe2 Bd7 14. Bb2 Rb8 15. a3 bxc4 16. bxc4 Na4 17. Bc1 Rb7 18. Nf1 0-0 19. Qc2 Rfb8 20. N1d2 Qa5 21. Rb1 Qc3 22. Qxc3 Nxc3 23. Rxb7 Rxb7 24. Re3 Nb1 25. Rb3 Rxb3 26. Nxb3 Ba4 27. Nfd2 Nxd2 28. Nxd2 Nd7 29. Nb1 Nb6 30. Bf1 Bc2 31. Nc3 Bb3 32. Nb1 Nxc4 33. Nd2 Nxd2 34. Bxd2 c4 35. Ba5 Kf8 36. Be2 f5 37. f3 Ke8 38. Kf1 Bd8 39. Bxd8 Kxd8 40. Ke1 Kc7 41. Kd2 Kb6 42. Kc3 Kc5 43. g4 fxe4 44. fxe4 a5 45. Bf1 Ba2 46. Be2 Bb3 1/2-1/2